00497nam a2200109 a 4500008004100000050001900041100001900060245014500079260011100224350000900335650004300344070523s2006 ||||||||||||||||| || u aTHESIS/STUDENT aMukwato, Jamie13aAn evaluation of public awareness strategy in solid waste management; a case of Lusaka City CouncilcThesis supervised by Mr. Muwowo Francis aKitwebCopperbelt University, School of Built Environment, Department of Urban and Regional Planningc2006 a0.00 aSOLID WASTE MANAGEMENT--LUSAKA--ZAMBIA